Environment in the transition to a market economy progress in Central and Eastern Europe and the New Independent States

Salvato in:
Dettagli Bibliografici
Natura: Libro
Lingua:inglese
Pubblicazione: Paris OECD 1999
Soggetti:
Tags: Aggiungi Tag
Nessun Tag, puoi essere il primo ad aggiungerne!!

MARC

LEADER 00000nam a2200000 4500
001 c120261
005 20221221084255.5
020 |a 92-64-17110-X 
041 0 |a eng 
044 |a FR 
245 1 0 |a Environment in the transition to a market economy  |b progress in Central and Eastern Europe and the New Independent States 
264 1 |a Paris  |b OECD  |c 1999 
300 |a 245 s. 
610 2 0 |a transformácia 
610 2 0 |a SVE 
610 2 0 |a prostredie ekonomické 
610 2 0 |a prostredie životné 
610 2 0 |a hospodárstvo trhové 
610 2 0 |a stredná Európa 
610 2 0 |a východná Európa 
610 2 0 |a reformy hospodárske 
610 2 0 |a znečistenie ovzdušia 
610 2 0 |a znečistenie vôd 
610 2 0 |a ochrana prostredia životného 
610 2 0 |a OECD